000 01024nam a22002057a 4500
999 _c5647
_d5647
003 AR-CdUCM
008 190313b ||||| |||| 00| 0 spa d
040 _aMUNICIPALIDAD PROVINCIAL DEL CUSCO
_cBIBLIOTECA MUNICIPAL DEL CUSCO
082 _a324.075947 /
_bH59
110 _aHistoria del partido comunista de la U.r.s.s.
_916863
245 _aHistoria del partido comunista de la URSS :
_bBolchevique /
260 _aMoscu :
_bLenguas extranjeras,
_c1939.
300 _a429 paginas ;
_c29 cm.
500 _aDonación de la familia Nieto.
505 _aContenido :La lucha por la creación del partido obrero socialdemócrata en Rusia -- El partido bolchevique durante el periodo de la guerra imperialista -- La segunda revolución rusa -- El partido bolchevique en la lucha por la industrialización socialista del país -- El partido bolchevique en la lucha por la colectivización de la agricultura ...
650 _aPartido comunsta - U.R.S.S.
_916864
650 _aHistoria
_9136
942 _2ddc
_cLIBROS
945 _arum